header

Guidelines for the use of the ILO international classification of radiographs of pneumoconioses (Record no. 234093)

MARC details
000 -LEADER
fixed length control field 01309nam a2200313 a 4500
245 00 - TITLE STATEMENT
Title Guidelines for the use of the ILO international classification of radiographs of pneumoconioses
250 ## - EDITION STATEMENT
Edition statement Rev. ed.
260 ## - PUBLICATION, DISTRIBUTION, ETC. (IMPRINT)
Place of publication Geneva :
Name of publisher International Labour Office,
Year of publication 2011.
300 ## - PHYSICAL DESCRIPTION
Number of Pages xi, 48 p. :
Other physical details ill.
490 1# - SERIES STATEMENT
Series statement Occupational safety and health series ;
650 #0 - SUBJECT ADDED ENTRY--TOPICAL TERM
Topical Term Lungs
Topical Term Lungs
856 40 - ELECTRONIC LOCATION AND ACCESS
Uniform Resource Identifier http://site.ebrary.com/lib/rucke/Doc?id=10531014

No items available.

© 2026 Rongo University
Contact us: librarian | system librarian | Rongo university